|
|
|
|
| LEADER |
01960nam a2200505 a 4500 |
| 001 |
nkc20112165311 |
| 003 |
CZ PrNK |
| 005 |
20110310104049.0 |
| 007 |
ta |
| 008 |
110208s2010 xr a f p 000 0 cze |
| 015 |
|
|
|a cnb002165311
|
| 020 |
|
|
|a 978-80-244-2608-2
|q (brož.) :
|c neprodejné
|
| 035 |
|
|
|a (OCoLC)707610247
|
| 040 |
|
|
|a OLA001
|b cze
|d ABA001
|
| 072 |
|
7 |
|a 37.09
|x Organizace výuky a vzdělávání
|2 Konspekt
|9 22
|
| 072 |
|
7 |
|a 37.016
|x Učební osnovy. Vyučovací předměty. Učebnice
|2 Konspekt
|9 22
|
| 080 |
|
|
|a 37.091:005.25
|2 MRF
|
| 080 |
|
|
|a 005.6
|2 MRF
|
| 080 |
|
|
|a (07)
|2 MRF
|
| 080 |
|
|
|a (048.8:082)
|2 MRF
|
| 100 |
1 |
|
|a Poláchová Vašťatková, Jana,
|d 1978-
|7 xx0037677
|4 aut
|
| 245 |
1 |
0 |
|a Modely řízení kvality a škola :
|b studijní texty pro distanční vzdělávání : [projekt Školský management] /
|c Jana Vašťatková, Stanislav Michek
|
| 246 |
3 |
0 |
|a Školský management
|
| 250 |
|
|
|a 1. vyd.
|
| 260 |
|
|
|a Olomouc :
|b Univerzita Palackého v Olomouci,
|c 2010
|
| 300 |
|
|
|a 50 s. :
|b il. ;
|c 29 cm
|
| 490 |
1 |
|
|a Studijní opory
|
| 500 |
|
|
|a Na obálce autoři uvedeni v obráceném pořadí
|
| 504 |
|
|
|a Obsahuje bibliografie a bibliografické odkazy
|
| 521 |
8 |
|
|a Pro vedoucí pracovníky ve školství
|
| 650 |
0 |
7 |
|a management školy
|7 ph118550
|2 czenas
|
| 650 |
0 |
7 |
|a management jakosti
|7 ph115218
|2 czenas
|
| 650 |
0 |
9 |
|a school management
|2 eczenas
|
| 650 |
0 |
9 |
|a quality control
|2 eczenas
|
| 655 |
|
7 |
|a učební texty
|7 fd133599
|2 czenas
|
| 655 |
|
7 |
|a kolektivní monografie
|7 fd501537
|2 czenas
|
| 655 |
|
9 |
|a educational texts
|2 eczenas
|
| 655 |
|
9 |
|a collective monographs
|2 eczenas
|
| 700 |
1 |
|
|a Michek, Stanislav,
|d 1978-
|7 mzk2007417339
|4 aut
|
| 810 |
2 |
|
|a Univerzita Palackého.
|t Studijní opory
|0 s
|
| 910 |
2 |
|
|a BOA001
|b 4-1261.612
|
| 990 |
|
|
|a BK
|
| 995 |
|
|
|a 01
|
| 991 |
|
|
|b 201103
|c NOV
|e n
|
| 996 |
6 |
|
|b 2610468973
|c 4-1261.612
|l MZK
|r Sklad / do 1 hodiny
|n 6
|p p.v.
|w 001170465
|u 000010
|a 1
|e BOA001
|j MZK50
|s P
|